Introducción a los estudios literarios
שמור ב:
| מחבר ראשי: | |
|---|---|
| פורמט: | ספר |
| שפה: | ספרדית |
| יצא לאור: |
Madrid
Cátedra
1980
|
| מהדורה: | 12a. ed |
| סדרה: | Crítica y Estudios Literarios
|
| נושאים: | |
| תגים: |
הוספת תג
אין תגיות, היה/י הראשונ/ה לתייג את הרשומה!
|
MARC
| LEADER | 00000nam a2200000 a 4500 | ||
|---|---|---|---|
| 001 | UCW3482 | ||
| 003 | CL-VaPUC | ||
| 008 | 880927e19800000SP |||||||||||||||||spa|d | ||
| 082 | 0 | 4 | |a 801.95 |b LAP |2 21 |
| 100 | |a Lapesa Melgar, Rafael |e author |9 419990 | ||
| 245 | 1 | 0 | |a Introducción a los estudios literarios |
| 250 | |a 12a. ed | ||
| 300 | |a 201 p | ||
| 942 | |c BK | ||
| 945 | |d 19880927 00:00:00 | ||
| 260 | |a Madrid |b Cátedra |c 1980 | ||
| 650 | 0 | |a Literatura |9 259151 | |
| 650 | 0 | |a Historia y crítica |9 257407 | |
| 650 | 0 | |a Crítica literaria |9 269189 | |
| 583 | |a last modification |c 19880927 00:00:00 |k Rodrigo Vera | ||
| 490 | 0 | |a Crítica y Estudios Literarios | |
| 999 | |c 217461 |d 217459 | ||
| 952 | |0 0 |1 0 |4 0 |6 801_950000000000000_LAP_1980 |7 0 |8 A |9 205092 |a BIBEDU |b BIBEDU |d 2019-11-15 |i 2730421 |l 1 |o 801.95 LAP 1980 |p 2730421 |r 2023-11-06 |s 2023-11-06 |w 2019-11-15 |y BK |k EDU | ||